000 00635ntaaa2200217 4500
003 01
005 20251027203257.0
008 0714s1973 ag 01
020 _a9789872755003
040 _aAR-BaBN
_bspa
_cAR-BaBN
_eaacr
_dRIC
082 _a787.152 M58
100 _aMielgo, Samy
_935672
245 _a120 temas de Folklore :
_bseleccionados, arreglados y transcriptos para guitarra por Samy Mielgo /
_cSamy Mielgo
250 _a1ยช ed.
260 _aBuenos Aires :
_bSamy ediciones,
_c2011
300 _a256 p. ;
_c28 x 21 c.
650 _aMISICA
_935673
650 _aGUITARRA
_935674
650 _aFOLKLORE
_93330
942 _cBK
999 _c28241
_d28241